| 000 | 00628nam a2200205Ia 4500 | ||
|---|---|---|---|
| 005 | 20250923145743.0 | ||
| 008 | 008 250917s9999 xx 000 0 eng d | ||
| 037 | _aTextual | ||
| 040 |
_aDSWL _beng _cDSWL |
||
| 041 |
_aeng _2eng |
||
| 084 |
_aY15oaw81.1, N83 _qDSWL |
||
| 100 |
_aDavies, M. _9838611 |
||
| 245 | 0 |
_aThird world second seoc : Women's struggles and national libreation : Third world womens speach out _cby M. Davies |
|
| 260 |
_aLondon _bZed Books _c1983 |
||
| 300 | _avii,257p. | ||
| 365 |
_aGBP _b6.5 |
||
| 925 | _g6.5 | ||
| 942 |
_cTEXL _hY15oaw81.1, N83 |
||
| 999 |
_c1455269 _d1455269 |
||